El cartero del rey ; la luna nueva. /

Guardado en:
Autor Principal: Tagore, Rabindranath
Formato: Libro
Publicado: Buenos Aires : Losada, 1976
Edición:12a. ed.
Series:Biblioteca Clásica y Contemporánea
Materias:
Etiquetas: Agregar Etiqueta
Sin Etiquetas, Sea el primero en etiquetar este registro!
LEADER 00676nam a22002295a 4500
001 CEM.cems006170
005 20060214000000.0
008 130507s1976##################000#0#####d
003 CEMS
082 0 4 |a 891.1 
100 1 |a Tagore, Rabindranath 
245 1 0 |a El cartero del rey ; la luna nueva. / 
250 |a 12a. ed. 
260 |a Buenos Aires :  |b Losada,  |c 1976 
300 |a 152 p. 
490 0 |a Biblioteca Clásica y Contemporánea 
653 |a Literatura 
653 |a Poesia hindu 
653 |a Poesias 
653 |a Teatro hindu 
859 |a CEMS  |b BIB. CEMS - 11 de abril  |h 891.1  |i T129a12  |p 12871.84  |t Ej.2 
859 |a CEMS  |b BIB. CEMS - 11 de abril  |h 891.1  |i T129a12  |p 6433.78  |t Ej.1